=LDR 00000nam 2200000 4500 =001 INLIS000000000036562 =005 20130612142337 =008 ***********************************Ind** =035 ##$$0010-061300000036562 =041 ##$$a Ind =082 ##$$a 028.5 =090 ##$$a 028.5, Fir s =100 ##$$a Firdous, Endang =245 ##$$a Sang naga Ingin punya teman, Endang Firdaus =260 ##$$a 2009 $b Jakarta =300 ##$$a 32 hlm, ilus, 26 cm =650 ##$$a Bacaan kanak-kanak =850 ##$$a NBPNMAT